000 00402pab a2200169 454500
008 180718b2002 xxu||||| |||| 00| 0 eng d
100 _aRajamani, R.C.
245 _aOn with second generation reforms
260 _c2002
300 _ap.12-14.
362 _aApr
650 _aBudget - India
650 _aEconomic reform - India
650 _aEconomic reform
773 _aYojana
909 _a51896
999 _c51896
_d51896